| 000 | 00656nam a2200241Ia 4500 | ||
|---|---|---|---|
| 005 | 20250508164449.0 | ||
| 008 | 008 250505s9999 xx 000 0 eng d | ||
| 020 | _a0-13-508516-0 | ||
| 037 | _aTextual | ||
| 040 |
_aFEDL _beng _cFEDL |
||
| 041 |
_aeng _2eng |
||
| 084 |
_a302.3, JOH _qFEDL |
||
| 100 | _aJohnson David W | ||
| 245 | 0 | _aJoining together : Group theory and group skills | |
| 250 | _a4 | ||
| 260 |
_aEnglewood Cliffs _b Prentice-Hall _c1991 |
||
| 300 | _axii,530p. | ||
| 546 | _aMACESE | ||
| 650 | _aGroup theory | ||
| 700 |
_a Johnson Frank P _9778209 |
||
| 942 |
_cTEXL _h302.3, JOH |
||
| 999 |
_c1389266 _d1389266 |
||